| 000 | 00658nam a2200205 i 4500 | ||
|---|---|---|---|
| 001 | 103892 | ||
| 003 | ES-MaACL | ||
| 005 | 20250827062618.0 | ||
| 007 | t| | ||
| 008 | 051121s1905 sp ||||1| spa d | ||
| 110 | 1 |
_aEspaña _93622 |
|
| 240 | 1 | 0 | _aLeyes, etc., notariado |
| 245 | 1 | 0 |
_aLeyes notariales de España conforme a los textos oficiales / _ccon notas y concordancias e índices completísimos por D. León Medina y Manuel Marañón. |
| 260 |
_aMadrid : _bF. Rueda, _c1905. |
||
| 300 |
_a430 p. ; _c20 cm. |
||
| 700 | 1 |
_aMedina, León. _979703 |
|
| 700 | 1 |
_aMarañón, Manuel. _976316 |
|
| 852 |
_aES-MaACL _jB-7124 |
||
| 999 |
_c103892 _d103892 |
||